| 000 | 00531nam a2200193Ia 4500 | ||
|---|---|---|---|
| 999 |
_c33863 _d33863 |
||
| 003 | OSt | ||
| 005 | 20200903103013.0 | ||
| 008 | 190216s9999||||xx |||||||||||||| ||und|| | ||
| 020 | _a8175566795 | ||
| 040 | _coclc | ||
| 082 |
_a531 _bGUP/C |
||
| 100 |
_aGupta, S L _91031 |
||
| 245 | 0 |
_aClassical Mechanics / _cS L Gupta ; V Kumar ; H V Sharma |
|
| 250 | _a21st Ed. | ||
| 260 |
_bPragathi Prakashan, _c2005. _aMeerut: |
||
| 300 | _a390p | ||
| 650 | _aPhysics | ||
| 942 |
_cBK _2ddc _h531 _iGUP/C _k531 _mGUP/C |
||